<?xml version="1.0" encoding="UTF-8"?>
<record
    xmlns:xsi="http://www.w3.org/2001/XMLSchema-instance"
    xsi:schemaLocation="http://www.loc.gov/MARC21/slim http://www.loc.gov/standards/marcxml/schema/MARC21slim.xsd"
    xmlns="http://www.loc.gov/MARC21/slim">

  <leader>01874nam a2200301 i 4500</leader>
  <controlfield tag="003">DO-SdBNP</controlfield>
  <controlfield tag="005">20240229091110.0</controlfield>
  <controlfield tag="007">ta</controlfield>
  <controlfield tag="008">240229s2023    dr co         000 j spa d</controlfield>
  <datafield tag="020" ind1=" " ind2=" ">
    <subfield code="a">9789945934250</subfield>
  </datafield>
  <datafield tag="040" ind1=" " ind2=" ">
    <subfield code="a">DO-SdBNP</subfield>
    <subfield code="b">spa</subfield>
    <subfield code="c">BNPHU</subfield>
    <subfield code="e">rda</subfield>
  </datafield>
  <datafield tag="082" ind1=" " ind2=" ">
    <subfield code="a">923.7 </subfield>
    <subfield code="b">N124, 2023</subfield>
    <subfield code="2">22</subfield>
  </datafield>
  <datafield tag="100" ind1=" " ind2=" ">
    <subfield code="a">Nacidit-Perdomo, Ylonka,</subfield>
    <subfield code="d">1965-</subfield>
    <subfield code="9">24277</subfield>
  </datafield>
  <datafield tag="245" ind1="1" ind2="0">
    <subfield code="a">Ana Emilia Abigail Mej&#xED;a Soli&#xE9;re : </subfield>
    <subfield code="b">(1895-1941) : una vida estelar y excepcional. &lt;&lt;Constructora de la ciudadan&#xED;a&gt;&gt; de las mujeres de la Rep&#xFA;blica Dominicana</subfield>
    <subfield code="c">Ylonka Nacidit Perdomo ; presentaci&#xF3;n Mayra Jim&#xE9;nez </subfield>
  </datafield>
  <datafield tag="264" ind1=" " ind2="1">
    <subfield code="a">Santo Domingo :</subfield>
    <subfield code="b">Ministerio de la Mujer,</subfield>
    <subfield code="c">2023.</subfield>
  </datafield>
  <datafield tag="300" ind1=" " ind2=" ">
    <subfield code="a">58 p&#xE1;ginas,  </subfield>
    <subfield code="b">retratos, fotograf&#xED;as</subfield>
    <subfield code="c">23 cm.</subfield>
  </datafield>
  <datafield tag="336" ind1=" " ind2=" ">
    <subfield code="2">rdacontent</subfield>
    <subfield code="a">texto</subfield>
    <subfield code="b">txt</subfield>
  </datafield>
  <datafield tag="337" ind1=" " ind2=" ">
    <subfield code="2">rdamedia</subfield>
    <subfield code="a">sin mediaci&#xF3;n </subfield>
    <subfield code="b">n</subfield>
  </datafield>
  <datafield tag="338" ind1=" " ind2=" ">
    <subfield code="2">rdacarrier</subfield>
    <subfield code="a">volumen</subfield>
    <subfield code="b">nc</subfield>
  </datafield>
  <datafield tag="500" ind1=" " ind2=" ">
    <subfield code="a"> Comisi&#xF3;n Oficial para el Traslado al Pante&#xF3;n de la Patria de los Restos Mortales de Ana Emilia Abigail Mej&#xED;a Soli&#xE9;re,</subfield>
  </datafield>
  <datafield tag="505" ind1="0" ind2=" ">
    <subfield code="t">Abigail : Sus or&#xED;genes, primeros a&#xF1;os y adolescencia, p&#xE1;g.. 10.-- </subfield>
    <subfield code="t">Abigail : Ante la violencia de guerra mundial y el militarismo, p&#xE1;g. 18.-- </subfield>
    <subfield code="t">Abigail : Primera periodista/Corresponsal trasatl&#xE1;ntica dominicana, p&#xE1;g. 25.-- </subfield>
    <subfield code="t">Abigail : Pionera del arte fotogr&#xE1;fico con mirada de mujer, p&#xE1;g. 32.-- </subfield>
    <subfield code="t">Abigail : Pionera e impulsora del museo nacional, p&#xE1;g. 37.-- </subfield>
    <subfield code="t">Abigail : Pionera del sufragismo de vanguardia en la Rep&#xFA;blica Dominicana, p&#xE1;g. 40.-- </subfield>
    <subfield code="t">Abigail : La despedida triste de una vida fecunda, p&#xE1;g. 42.-- </subfield>
    <subfield code="t">Colof&#xF3;n, p&#xE1;g. 54.-- </subfield>
    <subfield code="t">Notas, p&#xE1;g. 56. /</subfield>
  </datafield>
  <datafield tag="590" ind1=" " ind2=" ">
    <subfield code="a">Inventariado, 2024/ YL</subfield>
  </datafield>
  <datafield tag="600" ind1=" " ind2=" ">
    <subfield code="a">Mej&#xED;a Soli&#xE9;re, Ana Emilia Abigail</subfield>
    <subfield code="d">1895-1941</subfield>
    <subfield code="x">Biograf&#xED;a</subfield>
    <subfield code="9">84960</subfield>
  </datafield>
  <datafield tag="600" ind1=" " ind2=" ">
    <subfield code="a">Mej&#xED;a Soli&#xE9;re, Ana Emilia Abigail</subfield>
    <subfield code="d">1895-1941</subfield>
    <subfield code="x">Cr&#xED;tica e interpretaci&#xF3;n</subfield>
    <subfield code="9">84961</subfield>
  </datafield>
  <datafield tag="700" ind1="1" ind2=" ">
    <subfield code="a">Jim&#xE9;nez, Mayra</subfield>
    <subfield code="e">presentaci&#xF3;n</subfield>
    <subfield code="9">84062</subfield>
  </datafield>
  <datafield tag="910" ind1=" " ind2=" ">
    <subfield code="a">YLockward</subfield>
  </datafield>
  <datafield tag="942" ind1=" " ind2=" ">
    <subfield code="2">ddc</subfield>
    <subfield code="c">LBS1</subfield>
  </datafield>
  <datafield tag="952" ind1=" " ind2=" ">
    <subfield code="0">0</subfield>
    <subfield code="1">0</subfield>
    <subfield code="2">ddc</subfield>
    <subfield code="5">1</subfield>
    <subfield code="7">0</subfield>
    <subfield code="8">PD</subfield>
    <subfield code="a">BNPHU</subfield>
    <subfield code="b">BNPHU</subfield>
    <subfield code="c">CT</subfield>
    <subfield code="d">2023-10-02</subfield>
    <subfield code="e">Donado por Ministerio de la Mujer</subfield>
    <subfield code="l">0</subfield>
    <subfield code="o">BNPHU PD 923.7  N124, 2023</subfield>
    <subfield code="p">2024-1205</subfield>
    <subfield code="r">2024-02-29</subfield>
    <subfield code="w">2024-02-29</subfield>
    <subfield code="y">LBS1</subfield>
  </datafield>
  <datafield tag="952" ind1=" " ind2=" ">
    <subfield code="0">0</subfield>
    <subfield code="1">0</subfield>
    <subfield code="2">ddc</subfield>
    <subfield code="5">1</subfield>
    <subfield code="7">0</subfield>
    <subfield code="8">PD</subfield>
    <subfield code="a">BNPHU</subfield>
    <subfield code="b">BNPHU</subfield>
    <subfield code="c">CT</subfield>
    <subfield code="d">2023-10-02</subfield>
    <subfield code="e">Donado por Ministerio de la Mujer</subfield>
    <subfield code="l">0</subfield>
    <subfield code="o">BNPHU PD 923.7  N124, 2023</subfield>
    <subfield code="p">2024-1206</subfield>
    <subfield code="r">2024-02-29</subfield>
    <subfield code="t">e. 2</subfield>
    <subfield code="w">2024-02-29</subfield>
    <subfield code="y">LBS1</subfield>
  </datafield>
  <datafield tag="952" ind1=" " ind2=" ">
    <subfield code="0">0</subfield>
    <subfield code="1">0</subfield>
    <subfield code="2">ddc</subfield>
    <subfield code="5">6</subfield>
    <subfield code="7">0</subfield>
    <subfield code="8">DS</subfield>
    <subfield code="a">BNPHU</subfield>
    <subfield code="b">BNPHU</subfield>
    <subfield code="c">CT</subfield>
    <subfield code="d">2024-03-18</subfield>
    <subfield code="e">deposito legal</subfield>
    <subfield code="l">0</subfield>
    <subfield code="o">BNPHU DS 923.7  N124, 2023</subfield>
    <subfield code="p">2024-1551</subfield>
    <subfield code="r">2024-03-18</subfield>
    <subfield code="t">e.3</subfield>
    <subfield code="w">2024-03-18</subfield>
    <subfield code="y">LBS1</subfield>
  </datafield>
  <datafield tag="952" ind1=" " ind2=" ">
    <subfield code="0">0</subfield>
    <subfield code="1">0</subfield>
    <subfield code="2">ddc</subfield>
    <subfield code="5">6</subfield>
    <subfield code="7">0</subfield>
    <subfield code="8">DS</subfield>
    <subfield code="a">BNPHU</subfield>
    <subfield code="b">BNPHU</subfield>
    <subfield code="c">CT</subfield>
    <subfield code="d">2024-03-18</subfield>
    <subfield code="e">deposito legal</subfield>
    <subfield code="l">0</subfield>
    <subfield code="o">BNPHU DS 923.7  N124, 2023</subfield>
    <subfield code="p">2024-1555</subfield>
    <subfield code="r">2024-03-18</subfield>
    <subfield code="t">e.4</subfield>
    <subfield code="w">2024-03-18</subfield>
    <subfield code="y">LBS1</subfield>
  </datafield>
  <datafield tag="952" ind1=" " ind2=" ">
    <subfield code="0">0</subfield>
    <subfield code="1">0</subfield>
    <subfield code="2">ddc</subfield>
    <subfield code="5">6</subfield>
    <subfield code="7">0</subfield>
    <subfield code="8">DS</subfield>
    <subfield code="a">BNPHU</subfield>
    <subfield code="b">BNPHU</subfield>
    <subfield code="c">CT</subfield>
    <subfield code="d">2024-03-18</subfield>
    <subfield code="e">deposito legal</subfield>
    <subfield code="l">0</subfield>
    <subfield code="o">BNPHU DS 923.7  N124, 2023</subfield>
    <subfield code="p">2024-1556</subfield>
    <subfield code="r">2024-03-18</subfield>
    <subfield code="t">e.5</subfield>
    <subfield code="w">2024-03-18</subfield>
    <subfield code="y">LBS1</subfield>
  </datafield>
  <datafield tag="999" ind1=" " ind2=" ">
    <subfield code="c">56006</subfield>
    <subfield code="d">56006</subfield>
  </datafield>
</record>
